| 000 | 00922cam a2200301 a 4500 | ||
|---|---|---|---|
| 942 | _cBK | ||
| 999 |
_c1029 _d1029 |
||
| 001 | 4507375 | ||
| 003 | OSt | ||
| 005 | 20250420134833.0 | ||
| 008 | 980911s1999 nyu b 001 0 eng | ||
| 010 | _a 98030613 | ||
| 020 | _a9780070471702 | ||
| 040 |
_aDLC _cDLC _dDLC |
||
| 050 | 0 | 0 |
_aPE1471 _b.M29 1999b |
| 082 | 0 | 4 |
_a808.042 _221 _bMc Wr |
| 100 | 1 |
_aMcClain, Molly. _97904 |
|
| 245 | 1 | 0 |
_aSchaum's quick guide to writing great essays / _cMolly McClain, Jacqueline D. Roth. |
| 246 | 3 | 0 | _aWriting great essays |
| 260 |
_aNew York : _bMcGraw-Hill, _cc1999. |
||
| 300 |
_avii, 108 p. ; _c22 cm. |
||
| 440 | 0 |
_aSchaum's quick guide series _97905 |
|
| 504 | _aIncludes bibliographical references (p. 103) and index. | ||
| 650 | 0 |
_aEnglish language _xRhetoric. _95837 |
|
| 650 | 0 |
_aEssay _xAuthorship. _97906 |
|
| 650 | 0 |
_aReport writing. _9166 |
|
| 700 | 1 |
_aRoth, Jacqueline D. _97907 |
|
| 942 | _2ddc | ||